000 00334nam a2200133Ia 4500
008 100328s9999 xx 000 0 und d
082 _b58134
100 _aपानवलकर श्री.दा.
245 _aकांचन
260 _bमौज
630 _aकांचन
730 _aकांचन
942 _cBOOK
999 _c544498
_d544495